| 000 | 00767cam a2200253 a 4500 | ||
|---|---|---|---|
| 001 | 000003837 | ||
| 003 | DO-SdBNP | ||
| 005 | 20220921142604.0 | ||
| 007 | ta | ||
| 008 | 740822s1951 nyu 000 1 eng | ||
| 040 |
_aDO-SdBNP _bspa _cBNPHU |
||
| 082 | 4 |
_a833.912 _bF422t _222 |
|
| 100 | 1 |
_aFeuchtwanger, Lion, _d1884-1958. _911608 |
|
| 245 | 1 | 0 |
_aThis is the hour / _cLion Feuchtwanger ; traducción H. T. Lowe-Porter, Frances Fawcett. |
| 260 |
_aNew York : _bThe Viking Press, _c1951. |
||
| 300 |
_a516 p. ; _c22 cm. |
||
| 590 | _aInventariado, 2022 / DG | ||
| 650 | 4 |
_aNovela alemana _93302 |
|
| 650 | 4 |
_aLiteratura alemana _93274 |
|
| 700 | 1 |
_aLowe-Porter, H. T., _etr. _911609 |
|
| 700 | 1 |
_aFawcett, Frances, _etr. _911610 |
|
| 910 | _aDG | ||
| 942 |
_2ddc _cLBS1 |
||
| 999 |
_c3659 _d3659 |
||